000 00276nam a2200133 4500
008 190521s ||||xo d
245 1 0 _aVademecum september 1997
020 _c0
250 _a1.vydanie
300 _a238s.
041 1 _aslo
044 _axo
_cSK
958 _aA
999 _c22410
_d22410